[Event "European Hybrid Qual 2021"]
[Site "Tornelo INT"]
[Date "2021.05.25"]
[Round "1.2"]
[White "David, Alberto"]
[Black "Gagunashvili, Merab"]
[Result "0-1"]
[WhiteTitle "GM"]
[BlackTitle "GM"]
[WhiteElo "2517"]
[BlackElo "2584"]
[WhiteFideId "4000013"]
[BlackFideId "13601652"]
[EventDate "2021.05.24"]
[EventType "k.o."]

1. e4 e5 2. Nf3 Nc6 3. Bb5 a6 4. Ba4 Nf6 5. O-O Be7 6. Re1 b5 7. Bb3 d6 8. c3
O-O 9. h3 Nb8 10. d4 Nbd7 11. Nbd2 Bb7 12. Bc2 Re8 13. Nf1 Bf8 14. Ng3 g6 15.
Bg5 h6 16. Bd2 c5 17. d5 Nb6 18. b3 c4 19. Be3 Nfd7 20. Qd2 Kh7 21. Rf1 Qc7 22.
b4 a5 23. a3 axb4 24. cxb4 c3 25. Qe2 Nc4 26. Bc1 Ndb6 27. Nh2 Bg7 28. Bd3 Rec8
29. Ra2 Qe7 30. Re1 Na4 31. Rc2 Ba6 32. Ng4 Rab8 33. Qf3 Rc7 34. Bxc4 Rxc4 35.
Nf5 gxf5 36. Qxf5+ Kg8 37. Qh5 Bc8 38. Nxh6+ Kf8 39. Re3 f5 40. Qg6 Qf6 0-1

[Event "European Hybrid Qual 2021"]
[Site "Tornelo INT"]
[Date "2021.05.24"]
[Round "1.1"]
[White "Sargsyan, Shant"]
[Black "Horton, Andrew P"]
[Result "1-0"]
[WhiteTitle "GM"]
[BlackTitle "IM"]
[WhiteElo "2618"]
[BlackElo "2375"]
[WhiteFideId "13306766"]
[BlackFideId "424269"]
[EventDate "2021.05.24"]
[EventType "k.o."]

1. d4 Nf6 2. c4 e6 3. Nf3 Bb4+ 4. Bd2 a5 5. a3 Bxd2+ 6. Qxd2 b6 7. Nc3 Bb7 8.
Qc2 d5 9. cxd5 exd5 10. e3 O-O 11. Ne5 c6 12. Bd3 Ba6 13. Bxa6 Rxa6 14. O-O Qd6
15. Rac1 Rc8 16. e4 dxe4 17. Nxe4 Nxe4 18. Qxe4 Re8 19. Rfe1 f6 20. Nc4 Rxe4 21.
Nxd6 Rxe1+ 22. Rxe1 Nd7 23. Re7 Nf8 24. Nf5 g6 25. Nh6+ Kh8 26. Ng4 c5 27. Nxf6
cxd4 28. Kf1 d3 29. Rf7 b5 30. Ke1 Rc6 31. Rxf8+ Kg7 32. Nd7 Rd6 33. Rd8 Rd5 34.
Kd1 Kf7 35. Rh8 Kg7 36. Rxh7+ 1-0

[Event "European Hybrid Qual 2021"]
[Site "Tornelo INT"]
[Date "2021.05.25"]
[Round "1.2"]
[White "Horton, Andrew P"]
[Black "Sargsyan, Shant"]
[Result "1/2-1/2"]
[WhiteTitle "IM"]
[BlackTitle "GM"]
[WhiteElo "2375"]
[BlackElo "2618"]
[WhiteFideId "424269"]
[BlackFideId "13306766"]
[EventDate "2021.05.24"]
[EventType "k.o."]

1. d4 Nf6 2. c4 e6 3. g3 d5 4. Nf3 Bb4+ 5. Bd2 a5 6. Bg2 O-O 7. O-O dxc4 8. Bg5
h6 9. Bxf6 Qxf6 10. Qc2 Nc6 11. a3 Bd6 12. Qxc4 e5 13. d5 Na7 14. a4 Bd7 15. Nc3
Qe7 16. e4 Rfb8 17. Rfc1 b5 18. axb5 Nxb5 19. Nxb5 Rxb5 20. b3 Rb4 21. Qc2 a4
22. bxa4 Bxa4 23. Qd3 Rab8 24. Rcb1 Qe8 25. Rxb4 Rxb4 26. Rb1 Rxb1+ 27. Qxb1 Qb5
28. Qxb5 Bxb5 29. Bf1 Ba4 30. Bd3 1/2-1/2

[Event "European Hybrid Qual 2021"]
[Site "Tornelo INT"]
[Date "2021.05.24"]
[Round "1.1"]
[White "Kovchan, Alexander"]
[Black "Murzin, Volodar"]
[Result "1/2-1/2"]
[WhiteTitle "GM"]
[BlackTitle "IM"]
[WhiteElo "2575"]
[BlackElo "2478"]
[WhiteFideId "14103052"]
[BlackFideId "44155573"]
[EventDate "2021.05.24"]
[EventType "k.o."]

1. c4 Nf6 2. Nc3 g6 3. g3 Bg7 4. Bg2 O-O 5. d4 d6 6. Nf3 Nbd7 7. O-O e5 8. e4 a6
9. Be3 c6 10. a4 a5 11. Qc2 exd4 12. Bxd4 Qe7 13. h3 Nc5 14. Rfe1 Ne6 15. Be3
Nd7 16. Rad1 h5 17. Nd5 Qe8 18. Nb6 Nxb6 19. Bxb6 Qe7 20. e5 dxe5 21. Nxe5 h4
22. c5 hxg3 23. fxg3 Qg5 24. Qc3 Re8 25. h4 Qh5 26. Rd3 Nf8 27. Rde3 Be6 28. Qd3
Qf5 29. Qd6 Nd7 30. g4 Bxe5 31. gxf5 Bxd6 32. cxd6 gxf5 33. Bc7 Kg7 34. Bf3 Rh8
35. h5 Nf6 36. Kf2 Rh6 37. Rg1+ Kh7 38. Rd1 Nd7 39. Rd4 Kg7 40. b4 axb4 41. Rxb4
Ra7 42. a5 Rh8 43. Rb1 Kf6 44. Re2 Rha8 45. h6 Rxa5 46. Bxa5 Rxa5 47. Rxb7 Ne5
48. Rb8 Kg6 49. Rh8 Nd3+ 50. Ke3 Ra3 51. Rg2+ Kf6 52. h7 Ne5+ 53. Ke2 Nxf3 54.
Re8 Nd4+ 55. Kd2 Rh3 56. h8=Q+ Rxh8 57. Rxh8 Ke5 58. Rd8 c5 59. Rg3 c4 60. Re3+
Kd5 61. d7 Kd6 62. Ra3 Ke7 63. Raa8 Nc6 64. Rdc8 Kxd7 65. Ke3 Kd6 66. Rxc6+ Kxc6
67. Kd4 Kb6 68. Ra1 Kc6 1/2-1/2

[Event "European Hybrid Qual 2021"]
[Site "Tornelo INT"]
[Date "2021.05.25"]
[Round "1.2"]
[White "Murzin, Volodar"]
[Black "Kovchan, Alexander"]
[Result "1-0"]
[WhiteTitle "IM"]
[BlackTitle "GM"]
[WhiteElo "2478"]
[BlackElo "2575"]
[WhiteFideId "44155573"]
[BlackFideId "14103052"]
[EventDate "2021.05.24"]
[EventType "k.o."]

1. e4 c5 2. Nc3 d6 3. d4 cxd4 4. Qxd4 Nc6 5. Qd2 g6 6. b3 Bh6 7. f4 Nf6 8. Bb2
O-O 9. O-O-O a5 10. a4 Nb4 11. Nge2 Bg4 12. h3 Bxe2 13. Bxe2 Rc8 14. Kb1 Qb6 15.
Bf3 Rc5 16. g4 Bg7 17. e5 dxe5 18. fxe5 Rxe5 19. Nb5 Ne4 20. Qf4 Qf2 21. Rh2
Nd2+ 22. Rxd2 Re1+ 23. Bc1 Qg1 24. Rde2 Rd8 25. Rxe1 Qxe1 26. Rh1 Qe6 27. Rd1
Rc8 28. Nc7 Qb6 29. Be3 Qf6 30. Qxf6 Bxf6 31. Bb6 Be5 32. Bxa5 Nc6 33. Nd5 f5
34. gxf5 gxf5 35. Nb6 Re8 36. Nc4 Bf6 37. Bxc6 bxc6 38. Bc7 e5 39. Nd6 Re7 40.
Bd8 Re6 41. Nxf5 1-0

[Event "European Hybrid Qual 2021"]
[Site "Tornelo INT"]
[Date "2021.05.24"]
[Round "1.1"]
[White "Motylev, Alexander"]
[Black "Dias, Paulo"]
[Result "1/2-1/2"]
[WhiteTitle "GM"]
[BlackTitle "IM"]
[WhiteElo "2641"]
[BlackElo "2343"]
[WhiteFideId "4121830"]
[BlackFideId "1900803"]
[EventDate "2021.05.24"]
[EventType "k.o."]

1. e4 e5 2. Nf3 Nc6 3. Bc4 Nf6 4. Ng5 d5 5. exd5 Na5 6. Bb5+ c6 7. dxc6 bxc6 8.
Be2 h6 9. Nh3 g5 10. Nc3 Bg7 11. Ng1 O-O 12. h4 g4 13. d3 Rb8 14. Be3 Nd5 15.
Nxd5 Qxd5 16. Kf1 Rxb2 17. c4 Qe6 18. Qa4 Nb7 19. Qa3 e4 20. d4 Rc2 21. Qb3 c5
22. Qxc2 cxd4 23. Bf4 d3 24. Qc1 Bxa1 25. Qxa1 Na5 26. Bd1 Ba6 27. c5 Rc8 28.
Qc3 Nc4 29. Qd4 Kh7 30. g3 Qf5 31. Kg2 h5 32. c6 Rxc6 33. Qxa7 Nb2 34. Bb3 Bc4
35. Qd4 Bxb3 36. Qxb2 Bd5 37. Kh2 e3 38. Bxe3 Qe4 39. Nf3 Qxf3 40. Rg1 Rc2 41.
Qd4 Be4 42. a4 Re2 43. Qc5 Rxe3 44. Qxh5+ Kg8 45. Qg5+ Kh7 46. Qh5+ Kg8 47. Qg5+
Kh7 48. Qh5+ 1/2-1/2

[Event "European Hybrid Qual 2021"]
[Site "Tornelo INT"]
[Date "2021.05.25"]
[Round "1.2"]
[White "Dias, Paulo"]
[Black "Motylev, Alexander"]
[Result "0-1"]
[WhiteTitle "IM"]
[BlackTitle "GM"]
[WhiteElo "2343"]
[BlackElo "2641"]
[WhiteFideId "1900803"]
[BlackFideId "4121830"]
[EventDate "2021.05.24"]
[EventType "k.o."]

1. d4 Nf6 2. Nf3 d5 3. g3 e6 4. Bg2 Be7 5. O-O O-O 6. c4 c6 7. Qc2 b6 8. Nbd2
Nbd7 9. e4 Ba6 10. Ne5 Nxe5 11. dxe5 Ng4 12. exd5 cxd5 13. Qa4 Qc8 14. cxd5 Bxf1
15. Nxf1 exd5 16. Bxd5 Qc5 17. Qxg4 Qxd5 18. Bh6 Qxe5 19. Re1 Qf6 20. Bxg7 Qxg7
21. Qxg7+ Kxg7 22. Rxe7 Rfe8 23. Rd7 Re2 24. Nd2 Re1+ 25. Kg2 Rd1 26. Kf3 Re8
27. a4 Re6 28. b3 a6 29. h4 Rde1 30. Rd4 Rd1 31. Rd3 Kf8 32. Rd5 Ke7 33. Rd3 Re5
34. Rd4 Ke6 35. Rd3 b5 36. axb5 axb5 37. g4 h6 38. Rd8 Rd5 39. Rxd5 Kxd5 40. Ke3
Rc1 41. f3 Ke5 42. f4+ Kd5 43. g5 Rc3+ 44. Ke2 h5 45. f5 Ke5 46. f6 Kf4 47. b4
Kf5 48. Kf2 Rd3 49. Nf3 Kf4 50. Ng1 Kg4 51. Ke2 Ra3 52. Kf2 Kxh4 53. g6 Kg5 54.
gxf7 Ra8 55. Nf3+ Kxf6 56. Nd4 Kxf7 57. Nxb5 Rb8 58. Nd4 Rxb4 59. Nf3 Kf6 60.
Kg3 Rg4+ 61. Kh3 Kf5 62. Nh4+ Kg5 63. Nf3+ Kf5 64. Nh4+ Kf4 65. Ng2+ Kg5 66. Ne3
Ra4 67. Nf1 Ra3+ 68. Kg2 Kf4 69. Nh2 h4 70. Nf1 h3+ 71. Kh2 Ra1 0-1

[Event "European Hybrid Qual 2021"]
[Site "Tornelo INT"]
[Date "2021.05.24"]
[Round "1.1"]
[White "Potkin, Vladimir"]
[Black "Djurhuus, Rune"]
[Result "1-0"]
[WhiteTitle "GM"]
[BlackTitle "GM"]
[WhiteElo "2578"]
[BlackElo "2413"]
[WhiteFideId "4131061"]
[BlackFideId "1500082"]
[EventDate "2021.05.24"]
[EventType "k.o."]

1. c4 c5 2. Nf3 Nc6 3. Nc3 g6 4. e3 Nf6 5. d4 cxd4 6. exd4 d5 7. cxd5 Nxd5 8.
Qb3 Nxc3 9. Bc4 Nd5 10. Bxd5 e6 11. Bxc6+ bxc6 12. O-O Bg7 13. Bg5 Qd6 14. Qe3
O-O 15. Rac1 a5 16. Rc5 Ba6 17. Rfc1 Bb5 18. Bf4 Qd8 19. h4 h5 20. Bh6 Re8 21.
Bxg7 Kxg7 22. a4 Ba6 23. Qc3 Kg8 24. Rxa5 Be2 25. Rxa8 Qxa8 26. b3 Bxf3 27. Qxf3
Rc8 28. Rc5 Qb7 29. Rc4 Rd8 30. Rxc6 Rxd4 31. Rxe6 Qd7 32. Re1 Rxh4 33. Qf6 Rd4
34. Re7 Rd1+ 35. Kh2 Qd6+ 36. Qxd6 Rxd6 37. b4 1-0

[Event "European Hybrid Qual 2021"]
[Site "Tornelo INT"]
[Date "2021.05.24"]
[Round "1.1"]
[White "Moiseenko, Alexander"]
[Black "Svane, Frederik"]
[Result "1-0"]
[WhiteTitle "GM"]
[BlackTitle "FM"]
[WhiteElo "2620"]
[BlackElo "2438"]
[WhiteFideId "14102560"]
[BlackFideId "12923044"]
[EventDate "2021.05.24"]
[EventType "k.o."]

1. d4 Nf6 2. c4 e6 3. Nc3 Bb4 4. g3 O-O 5. Bg2 d5 6. a3 Be7 7. Nf3 dxc4 8. Ne5
Nc6 9. Bxc6 bxc6 10. Nxc6 Qe8 11. Nxe7+ Qxe7 12. Qa4 Bb7 13. O-O c5 14. Qxc4
cxd4 15. Qxd4 e5 16. Qb4 Qd7 17. Rd1 Qc6 18. f3 e4 19. Rd6 Qc8 20. fxe4 Re8 21.
Rxf6 gxf6 22. Bh6 a5 23. Qd4 Ra6 24. Rf1 Qd8 25. Nd5 Bxd5 26. exd5 Qb6 27. Rf4
f5 28. d6 Re4 29. Qxb6 Rxb6 30. d7 Rd6 31. Rxf5 Red4 32. d8=Q+ 1-0

[Event "European Hybrid Qual 2021"]
[Site "Tornelo INT"]
[Date "2021.05.25"]
[Round "1.2"]
[White "Svane, Frederik"]
[Black "Moiseenko, Alexander"]
[Result "1-0"]
[WhiteTitle "FM"]
[BlackTitle "GM"]
[WhiteElo "2438"]
[BlackElo "2620"]
[WhiteFideId "12923044"]
[BlackFideId "14102560"]
[EventDate "2021.05.24"]
[EventType "k.o."]

1. e4 c5 2. Nf3 Nc6 3. Bb5 e6 4. Bxc6 bxc6 5. d3 Ne7 6. h4 d6 7. h5 e5 8. Nh4
Rg8 9. g4 g5 10. Ng2 Be6 11. Ne3 d5 12. Nd2 Nc8 13. Qf3 Nb6 14. b3 a5 15. O-O a4
16. Bb2 Bd6 17. Nf5 Bxf5 18. Qxf5 Qd7 19. Qf3 Qe6 20. exd5 cxd5 21. Rfe1 f6 22.
Nf1 Kf7 23. Ng3 Rge8 24. Nf5 Kg8 25. c4 Bf8 26. Bc3 Red8 27. d4 cxd4 28. Bxd4
Nc8 29. Rad1 axb3 30. axb3 Ne7 31. Bc5 Nxf5 32. gxf5 Qf7 33. Bxf8 Kxf8 34. Rxd5
Rxd5 35. cxd5 Kg7 36. Rd1 Kh6 37. d6 Rd8 38. Kg2 Qd7 39. Rd3 Rb8 40. Qe4 Rd8 41.
b4 Rb8 42. Qc4 Qb7+ 43. Kh2 e4 44. Rd5 Qf7 45. d7 Qxh5+ 46. Kg1 Qg4+ 47. Kf1 Ra8
48. Qc3 e3 49. Qxf6+ Kh5 50. Qf7+ Kh4 51. Qxh7+ 1-0

[Event "European Hybrid Qual 2021"]
[Site "Tornelo INT"]
[Date "2021.05.25"]
[Round "1.3"]
[White "Svane, Frederik"]
[Black "Moiseenko, Alexander"]
[Result "1-0"]
[WhiteTitle "FM"]
[BlackTitle "GM"]
[WhiteElo "2438"]
[BlackElo "2620"]
[WhiteFideId "12923044"]
[BlackFideId "14102560"]
[EventDate "2021.05.24"]
[EventType "k.o."]

1. e4 c5 2. Nf3 Nc6 3. Bb5 g6 4. O-O Bg7 5. c3 Nf6 6. Re1 O-O 7. d4 cxd4 8. cxd4
d5 9. e5 Ne4 10. Ng5 Nxg5 11. Bxg5 f6 12. exf6 exf6 13. Be3 f5 14. Qd2 f4 15.
Bxf4 Nxd4 16. Nc3 Bf5 17. Rad1 Bg4 18. Rc1 Rc8 19. Bf1 Ne6 20. Bg3 d4 21. Nb5
Rxc1 22. Rxc1 h5 23. h3 Bf5 24. Nd6 Kh7 25. Nxf5 Rxf5 26. Bd3 Bh6 27. Qd1 Rc5
28. Rb1 Bf4 29. Qf3 Bxg3 30. Qf7+ Kh8 31. fxg3 Qg8 32. Qf6+ Kh7 33. Re1 Rc6 34.
Re5 Qg7 35. Rxh5+ Kg8 36. Qxg7+ Kxg7 37. Rd5 Kf6 38. Kf2 Rb6 39. Rb5 Rxb5 40.
Bxb5 Nc5 41. Ke2 Ke5 42. Bd3 g5 43. b3 Nd7 44. Kf3 Nc5 45. Bb1 a5 46. h4 gxh4
47. gxh4 Ne6 48. g4 Nf4 49. h5 Ne6 50. h6 Ng5+ 51. Ke2 Kf6 52. Bf5 Nf7 53. h7
Kg7 54. Kd3 Nd6 55. Kxd4 Nb5+ 56. Kc4 Nc7 57. Kc5 Na6+ 58. Kb5 Nb4 59. a3 Nd5
60. Kxa5 1-0

[Event "European Hybrid Qual 2021"]
[Site "Tornelo INT"]
[Date "2021.05.25"]
[Round "1.4"]
[White "Moiseenko, Alexander"]
[Black "Svane, Frederik"]
[Result "1/2-1/2"]
[WhiteTitle "GM"]
[BlackTitle "FM"]
[WhiteElo "2620"]
[BlackElo "2438"]
[WhiteFideId "14102560"]
[BlackFideId "12923044"]
[EventDate "2021.05.24"]
[EventType "k.o."]

1. d4 Nf6 2. c4 e6 3. Nc3 Bb4 4. Nf3 b6 5. e3 O-O 6. Bd3 Bxc3+ 7. bxc3 Bb7 8.
O-O c5 9. Nd2 Nc6 10. Nb3 d6 11. e4 a5 12. Be3 cxd4 13. cxd4 Nb4 14. d5 exd5 15.
exd5 b5 16. cxb5 Nfxd5 17. Qd2 Nxe3 18. Qxe3 Re8 19. Qh3 g6 20. Rfd1 Nxd3 21.
Qxd3 Qg5 22. Qf1 Re4 23. Nd4 Rae8 24. Nc6 Bxc6 25. bxc6 Qd8 26. Rac1 Qc7 27. Rd2
R4e5 28. Rdc2 Rb8 29. g3 Rb6 30. Qd3 h5 31. h4 Rbb5 32. Rd1 Rbc5 33. Rxc5 Rxc5
34. Qxd6 Rxc6 35. Qxc7 Rxc7 36. Rd5 Ra7 37. a4 Kg7 38. Kg2 Kf6 39. Kf3 Ke6 40.
Rb5 Rc7 41. Rxa5 Rc3+ 42. Kg2 Ra3 43. Ra7 f6 44. a5 Kf5 45. a6 Ke6 46. Ra8 Kf7
47. Kf1 Ra2 48. Kg2 Ra3 49. Kf1 Ra2 50. Ke1 Kg7 51. f4 Ra3 52. Kf2 Kf7 53. Ke2
Kg7 54. Kd2 Rxg3 55. Rc8 Ra3 56. Rc7+ Kh6 57. Rc6 Kg7 58. Kc2 g5 59. fxg5 fxg5
60. hxg5 h4 61. Kb2 Ra5 62. Kb3 h3 63. Kb4 h2 64. Rh6 Rxa6 65. Rxh2 Rc6 66. Rh4
Rc8 67. Rh6 Rc7 68. Kb5 Rc1 69. Kb4 Rc2 70. Kb3 Rc5 71. Kb4 Rxg5 72. Rc6 Rg6 73.
Rc7+ Kf6 74. Rc6+ 1/2-1/2

[Event "European Hybrid Qual 2021"]
[Site "Tornelo INT"]
[Date "2021.05.24"]
[Round "1.1"]
[White "Ivic, Velimir"]
[Black "Sahidi, Samir"]
[Result "1-0"]
[WhiteTitle "GM"]
[BlackTitle "IM"]
[WhiteElo "2581"]
[BlackElo "2406"]
[WhiteFideId "950122"]
[BlackFideId "14936372"]
[EventDate "2021.05.24"]
[EventType "k.o."]

1. e4 e5 2. Nf3 Nc6 3. Bb5 a6 4. Ba4 Nf6 5. O-O Be7 6. Re1 b5 7. Bb3 d6 8. c3
O-O 9. h3 Bb7 10. d4 Na5 11. Bc2 Nd7 12. Nbd2 Bf6 13. Nf1 exd4 14. cxd4 Re8 15.
Rb1 Rc8 16. b3 c5 17. d5 Ne5 18. N3h2 Ng6 19. Ng3 Be5 20. Ne2 b4 21. Ng4 Qe7 22.
Nxe5 Qxe5 23. Ng3 Nf4 24. Bb2 Qg5 25. h4 Qxh4 26. Nf5 Qg5 27. g3 Nh3+ 28. Kf1 c4
29. Bxg7 c3 30. Qd4 f6 31. Bxf6 Qd2 32. Re2 Qxd4 33. Bxd4 1-0

[Event "European Hybrid Qual 2021"]
[Site "Tornelo INT"]
[Date "2021.05.25"]
[Round "1.2"]
[White "Sahidi, Samir"]
[Black "Ivic, Velimir"]
[Result "1/2-1/2"]
[WhiteTitle "IM"]
[BlackTitle "GM"]
[WhiteElo "2406"]
[BlackElo "2581"]
[WhiteFideId "14936372"]
[BlackFideId "950122"]
[EventDate "2021.05.24"]
[EventType "k.o."]

1. e4 c5 2. Nf3 Nc6 3. Bb5 g6 4. O-O Bg7 5. c3 Nf6 6. Re1 O-O 7. h3 e5 8. Na3 d6
9. d4 cxd4 10. cxd4 Nxd4 11. Nxd4 exd4 12. Nc2 Qb6 13. a4 d5 14. e5 Ne4 15. Qxd4
Qxd4 16. Nxd4 Bxe5 17. Be3 a6 18. Bd3 Bd7 19. Bc2 Nd6 20. Bb3 Nc4 21. Bxc4 dxc4
22. a5 Rfe8 23. Red1 Bb5 24. Rd2 Rad8 25. Ra2 f5 26. Nf3 Bf6 27. Kh2 Rxd2 28.
Nxd2 Be5+ 29. g3 Rd8 30. h4 Rd3 31. Nb1 Kf7 32. Nc3 Bc6 33. Ra1 Bd4 34. Nd1 Ke6
35. Bxd4 Rxd4 36. Rc1 f4 37. gxf4 Rxf4 38. Kg3 Rf3+ 39. Kh2 Rf5 40. Rxc4 Rxa5
41. Ne3 Ra2 42. Rc2 Ra4 43. Kg3 Rb4 44. Rd2 a5 45. f3 Rb3 46. Kf4 a4 47. Re2 Kf7
48. Rf2 Rb4+ 49. Kg3 h5 50. Rd2 Ke7 51. Ng2 Rb3 52. Ne1 Re3 53. Kf2 Rb3 54. Kg3
Re3 55. Kf2 Rb3 56. Kg3 1/2-1/2

[Event "European Hybrid Qual 2021"]
[Site "Tornelo INT"]
[Date "2021.05.24"]
[Round "1.1"]
[White "Agdestein, Simen"]
[Black "Arabidze, Meri"]
[Result "1/2-1/2"]
[WhiteTitle "GM"]
[BlackTitle "IM"]
[WhiteElo "2552"]
[BlackElo "2436"]
[WhiteFideId "1500015"]
[BlackFideId "13604040"]
[EventDate "2021.05.24"]
[EventType "k.o."]

1. d4 Nf6 2. c4 e6 3. Nc3 d5 4. Bf4 Nbd7 5. e3 c6 6. Nf3 Be7 7. Bd3 Nh5 8. Bg3
g6 9. a3 b6 10. cxd5 exd5 11. b4 Bb7 12. Qb3 a6 13. O-O Nxg3 14. hxg3 Nf6 15.
Ne5 O-O 16. Na4 Bd6 17. f4 a5 18. Rfc1 b5 19. Nc5 Bxc5 20. Rxc5 Nd7 21. Rcc1
axb4 22. axb4 Rxa1 23. Rxa1 Nb6 24. Qc3 Na4 25. Qd2 f6 26. Nf3 Qd7 27. e4 dxe4
28. Bxe4 Re8 29. Bc2 Nb6 30. Re1 Rxe1+ 31. Qxe1 Nd5 32. Bb3 Kf7 33. Qc3 Qe6 34.
Qd2 Bc8 35. Ne1 Kg7 36. Nd3 Qd6 37. Nc5 Bg4 38. Kf2 h5 39. Bc2 Ne7 40. Be4 Bf5
41. Bf3 Bg4 42. Be4 Bf5 43. Bf3 Bg4 44. Be4 1/2-1/2

[Event "European Hybrid Qual 2021"]
[Site "Tornelo INT"]
[Date "2021.05.25"]
[Round "1.2"]
[White "Arabidze, Meri"]
[Black "Agdestein, Simen"]
[Result "1/2-1/2"]
[WhiteTitle "IM"]
[BlackTitle "GM"]
[WhiteElo "2436"]
[BlackElo "2552"]
[WhiteFideId "13604040"]
[BlackFideId "1500015"]
[EventDate "2021.05.24"]
[EventType "k.o."]

1. d4 Nf6 2. c4 e6 3. Nf3 d5 4. g3 Bb4+ 5. Bd2 Be7 6. Bg2 Ne4 7. O-O Nc6 8. Qc2
O-O 9. Rd1 a5 10. Nc3 Nxd2 11. Rxd2 Nb4 12. Qd1 f5 13. Ne5 c6 14. c5 Na6 15. Na4
Bf6 16. f4 Bxe5 17. fxe5 Ra7 18. Rd3 Nc7 19. Qd2 Bd7 20. Rb3 Be8 21. Rf1 h6 22.
g4 Bg6 23. Rbf3 Qe7 24. Bh3 Raa8 25. gxf5 Bxf5 26. Bxf5 Rxf5 27. Rxf5 exf5 28.
Rxf5 Qh4 29. Rf1 Qg4+ 30. Kh1 Qe4+ 31. Kg1 Qg4+ 32. Kh1 Qe4+ 33. Kg1 Ne6 34. Nc3
Qxd4+ 35. Qxd4 Nxd4 36. e4 dxe4 37. Nxe4 Re8 38. Nd6 Rxe5 39. Nxb7 a4 40. Rd1
Re4 41. Na5 h5 42. b3 g5 43. h3 axb3 44. Nxb3 Ne2+ 45. Kf1 Nf4 46. h4 Nd5 47.
Rd4 Ne3+ 48. Kg1 Re5 49. hxg5 Rxg5+ 50. Kf2 Nf5 51. Rd8+ Kg7 52. a4 Rg4 53. Na5
Rxa4 54. Nxc6 Ra2+ 55. Kf3 h4 56. Kg4 Rc2 57. Kxf5 Rxc5+ 58. Ne5 Rc1 59. Rd7+
Kg8 60. Ng4 Rg1 61. Nf6+ Kf8 62. Rh7 Rf1+ 63. Kg5 Rg1+ 64. Kxh4 Rh1+ 65. Kg5
Rxh7 66. Nxh7+ 1/2-1/2

[Event "European Hybrid Qual 2021"]
[Site "Tornelo INT"]
[Date "2021.05.25"]
[Round "1.3"]
[White "Arabidze, Meri"]
[Black "Agdestein, Simen"]
[Result "1/2-1/2"]
[WhiteTitle "IM"]
[BlackTitle "GM"]
[WhiteElo "2436"]
[BlackElo "2552"]
[WhiteFideId "13604040"]
[BlackFideId "1500015"]
[EventDate "2021.05.24"]
[EventType "k.o."]

1. d4 d5 2. c4 c6 3. Nf3 Nf6 4. e3 e6 5. Nc3 Nbd7 6. Qc2 Bd6 7. Be2 O-O 8. O-O
dxc4 9. a4 e5 10. Bxc4 exd4 11. exd4 Nb6 12. Bb3 Nbd5 13. Bg5 Be6 14. Nxd5 cxd5
15. Ne5 Qc8 16. Qxc8 Raxc8 17. Bxf6 gxf6 18. Nd3 a5 19. Rac1 Rc6 20. Rxc6 bxc6
21. Bc2 Rb8 22. b3 Bf5 23. Rd1 Bc7 24. Rd2 Bb6 25. Ne1 Bg6 26. Kf1 Ba7 27. Nf3
Kf8 28. Nh4 Rb4 29. Nf5 Bxf5 30. Bxf5 Bxd4 31. Bxh7 c5 32. Bc2 Rb8 33. h4 Ke7
34. g4 Kd6 35. Kg2 Be5 36. Kf3 Rb4 37. h5 Rf4+ 38. Ke2 Rxg4 39. h6 Bf4 40. h7
Rh4 41. Rd1 f5 42. Rg1 Be5 43. Bxf5 c4 44. bxc4 dxc4 45. Rg8 Kc5 46. Rc8+ Kb4
47. Re8 Bd4 48. Rd8 Be5 49. Re8 Bd4 50. Rd8 Be5 51. Re8 1/2-1/2

[Event "European Hybrid Qual 2021"]
[Site "Tornelo INT"]
[Date "2021.05.25"]
[Round "1.4"]
[White "Agdestein, Simen"]
[Black "Arabidze, Meri"]
[Result "1/2-1/2"]
[WhiteTitle "GM"]
[BlackTitle "IM"]
[WhiteElo "2552"]
[BlackElo "2436"]
[WhiteFideId "1500015"]
[BlackFideId "13604040"]
[EventDate "2021.05.24"]
[EventType "k.o."]

1. d4 Nf6 2. c4 e6 3. Nc3 d5 4. cxd5 exd5 5. Bg5 Nbd7 6. e3 c6 7. Bd3 Be7 8.
Nge2 Nf8 9. O-O Ne6 10. Bh4 O-O 11. Kh1 b5 12. Rc1 Bb7 13. Bf5 Nh5 14. Bxe7 Qxe7
15. Nb1 Rac8 16. Nd2 g6 17. Bxe6 fxe6 18. Nb3 e5 19. dxe5 c5 20. f4 Ng7 21. Nc3
Qd7 22. Ne4 c4 23. Nec5 Qe7 24. Nxb7 Qxb7 25. Nd4 b4 26. Qf3 a5 27. g4 Rce8 28.
Qg3 Qc7 29. Rfd1 a4 30. a3 bxa3 31. bxa3 Qe7 32. Qg2 Qxa3 33. Qxd5+ Kh8 34. Qe4
Qc5 35. Ne2 Rc8 36. Rd4 Qa3 37. Kg2 Qb2 38. Rc2 Qb3 39. Rdxc4 Rxc4 40. Rxc4 a3
41. Rb4 Qd1 42. Qc4 h5 43. h3 Rd8 44. Kf2 Qh1 45. e6 Qh2+ 46. Ke1 Qh1+ 47. Kf2
Qh2+ 48. Ke1 Qh1+ 49. Kf2 1/2-1/2

[Event "European Hybrid Qual 2021"]
[Site "Tornelo INT"]
[Date "2021.05.25"]
[Round "1.5"]
[White "Agdestein, Simen"]
[Black "Arabidze, Meri"]
[Result "1-0"]
[WhiteTitle "GM"]
[BlackTitle "IM"]
[WhiteElo "2552"]
[BlackElo "2436"]
[WhiteFideId "1500015"]
[BlackFideId "13604040"]
[EventDate "2021.05.24"]
[EventType "k.o."]

1. d4 Nf6 2. c4 e6 3. Nc3 Bb4 4. Nf3 b6 5. Bg5 Bb7 6. e3 h6 7. Bh4 g5 8. Bg3 Ne4
9. Nd2 Bxc3 10. bxc3 Nxg3 11. hxg3 d6 12. Be2 Nd7 13. Bf3 Qc8 14. g4 Nf6 15. a4
a5 16. Rb1 Kf8 17. c5 Bxf3 18. Qxf3 Kg7 19. cxb6 cxb6 20. c4 Rb8 21. Rb5 d5 22.
O-O dxc4 23. Rc1 Qb7 24. Rxc4 Qxf3 25. gxf3 Nd5 26. Kf1 Rhc8 27. Ke1 Rxc4 28.
Nxc4 Rc8 29. Nxb6 Nxb6 30. Rxb6 Rc4 31. Ra6 Rxa4 32. Ke2 Ra2+ 33. Kf1 Ra1+ 34.
Kg2 Ra2 35. Kg3 Kf6 36. d5 Ke7 37. Ra7+ Kd6 38. dxe6 fxe6 39. Rh7 a4 40. Rxh6 a3
41. Rh8 Ra1 42. Ra8 e5 43. f4 exf4+ 44. exf4 a2 45. Kf3 gxf4 46. Ra5 Ke6 47. Ra4
Ke5 48. Re4+ Kf6 49. Rxf4+ Kg5 50. Rf5+ Kg6 51. Ra5 Kf6 52. Ra6+ Kg5 53. Ra4 Kf6
54. Kf4 Kg6 55. Ra6+ Kf7 56. Kf5 Ke7 57. g5 Kf7 58. Ra7+ Ke8 59. g6 Rb1 60. Ra8+
Ke7 61. Ra7+ Kf8 62. Rxa2 Rb5+ 63. Kf6 Rb6+ 64. Kg5 Kg7 65. Ra7+ Kg8 66. f4 Rb8
67. f5 Rc8 68. f6 Rb8 69. Rg7+ Kf8 70. Rh7 Rb5+ 71. Kh6 Ke8 72. Rh8+ Kd7 73. f7 1-0

[Event "European Hybrid Qual 2021"]
[Site "Tornelo INT"]
[Date "2021.05.24"]
[Round "1.1"]
[White "Ponkratov, Pavel"]
[Black "Plazuelo Pascual, Juan"]
[Result "1-0"]
[WhiteTitle "GM"]
[BlackTitle "IM"]
[WhiteElo "2624"]
[BlackElo "2465"]
[WhiteFideId "4157800"]
[BlackFideId "32059566"]
[EventDate "2021.05.24"]
[EventType "k.o."]

1. d4 d5 2. c4 e6 3. Nf3 Nf6 4. g3 dxc4 5. Bg2 Bb4+ 6. Nc3 b5 7. O-O c6 8. a4
O-O 9. axb5 Bxc3 10. bxc3 cxb5 11. Ng5 Nd5 12. Qc2 g6 13. e4 Ne7 14. e5 Nd5 15.
Qd2 Qc7 16. Ne4 f5 17. exf6 Nd7 18. Ba3 b4 19. Qh6 N7b6 20. cxb4 Bb7 21. b5 Nxf6
22. Bd6 Qd7 23. Bxf8 Nxe4 24. Bb4 Qxb5 25. Rxa7 Qxb4 26. Rxb7 1-0